Convenio europeo de derechos humanos y contencioso-administrativo espaǫl

Detalles Bibliográficos
Autor principal: Moreno Trapiella, Prudencio C.
Formato: eBook
Lenguaje:español
Publicado: Madrid: Marcial Pons, 2012
Materias:
Acceso en línea:Acceso restringido

MARC

LEADER 00000nam a22000007a 4500
005 20180227205957.0
007 cr|||| ||||
008 180227s2012 es |||||s|||| 00||0 spa d
020 |a 978-84-9123-326-8 
035 |a 20986 
040 |a vLex 
090 |c 7418  |d 7418 
100 1 |a Moreno Trapiella, Prudencio C. 
245 1 0 |a Convenio europeo de derechos humanos y contencioso-administrativo espaǫl  |h [Recurso electrn̤ico] /  |c Prudencio C. Moreno Trapiella 
256 |a Servicio en ln̕ea 
260 |a Madrid:  |b Marcial Pons,  |c 2012 
300 |a 1 recurso electrn̤ico 
500 |a El caso especf̕ico del control judicial de las sanciones administrativas. 
506 1 |a Disponible solo en los productos indicados  |d vLex Global  |d vLex Global (Academic Edition, excluding Law Schools)  |d vLex Global (U.S. Academic Edition, Law Schools)  |d vLex Global (U.S. Academic Edition, excluding Law Schools)  |d vLex Global (Academic Edition, Law Schools) 
650 0 4 |a Derecho Pb︢lico y Administrativo  |z Espaą 
740 0 |a vLex Libros (Servicio en ln̕ea) 
856 4 0 |u http://vlex.com/source/convenio-europeo-de-derechos-humanos-y-contencioso-administrativo-espa-ol-20986  |z Acceso restringido 
942 |c BOOK 
999 0 |a Public and Administrative Law